[Event "Mittelfranken Landesliga Nord 2223"]
[Site "Mittelfranken"]
[Date "2023.02.05"]
[Round "6.1"]
[White "Zvara, Petr"]
[Black "Lauer, Moritz"]
[Result "1/2-1/2"]
[WhiteElo "2380"]
[BlackElo "2414"]
[PlyCount "119"]
[EventDate "2022.10.09"]
[EventType "team-tourn"]
[EventRounds "9"]
[EventCountry "GER"]
[SourceTitle "EXT 2024"]
[Source "ChessBase"]
[SourceDate "2023.10.10"]
[SourceVersion "1"]
[SourceVersionDate "2023.10.10"]
[SourceQuality "1"]
[WhiteTeam "Schwandorf"]
[BlackTeam "Herzogenaurach"]
[WhiteTeamCountry "GER"]
[BlackTeamCountry "GER"]

1. e4 e5 2. Nf3 Nc6 3. Bb5 Nge7 4. Nc3 Ng6 5. d4 Nxd4 6. Nxd4 exd4 7. Qxd4 c6 8. Be2 Qb6 9. Qd2 Be7 10. b3 Bf6 11. Bb2 0-0 12. 0-0 Re8 13. Kh1 Qb4 14. Rad1 Bxc3 15. Bxc3 Qxe4 16. Rfe1 Qf4 17. Bc4 Rd8 18. Qxf4 Nxf4 19. Be5 Ne6 20. Bd6 b5 21. Bd3 Bb7 22. f4 Re8 23. f5 Nf8 24. Kg1 h6 25. c4 bxc4 26. bxc4 Ba6 27. Rb1 Rxe1+ 28. Rxe1 Nh7 29. Kf2 Nf6 30. Re7 Re8 31. Rxe8+ Nxe8 32. Bb8 d5 33. Ke3 dxc4 34. Bc2 Nf6 35. Bxa7 Kf8 36. Kd4 Nd7 37. Bc5+ Ke8 38. Bd6 Kd8 39. a4 Kc8 40. g4 Kb7 41. h4 f6 42. Bd1 Kb6 43. Bf3 Kb7 44. Kc3 Kb6 45. Kb4 Kb7 46. Bd1 Kb6 47. Bf3 Kb7 48. Bf4 Kb6 49. g5 hxg5 50. hxg5 c5+ 51. Kc3 fxg5 52. Bxg5 Nf6 53. Bxf6 gxf6 54. Bd5 Ka5 55. Bxc4 Bb7 56. Bb5 Bc8 57. Kc4 Kb6 58. a5+ Kxa5 59. Kxc5 Bxf5 60. Bc6 1/2-1/2

[Event "Mittelfranken Landesliga Nord 2223"]
[Site "Mittelfranken"]
[Date "2022.10.09"]
[Round "1.1"]
[White "Lauer, Moritz"]
[Black "Heika, Martin"]
[Result "1-0"]
[WhiteElo "2414"]
[BlackElo "2232"]
[PlyCount "81"]
[EventDate "2022.10.09"]
[EventType "team-tourn"]
[EventRounds "9"]
[EventCountry "GER"]
[SourceTitle "EXT 2024"]
[Source "ChessBase"]
[SourceDate "2023.10.10"]
[SourceVersion "1"]
[SourceVersionDate "2023.10.10"]
[SourceQuality "1"]
[WhiteTeam "Herzogenaurach"]
[BlackTeam "Kareth Lappersdorf"]
[WhiteTeamCountry "GER"]
[BlackTeamCountry "GER"]

1. e4 e6 2. d4 d5 3. Nc3 Bb4 4. exd5 exd5 5. Bd3 Nc6 6. Nf3 Nf6 7. 0-0 0-0 8. Bg5 Be7 9. h3 h6 10. Bf4 Nb4 11. Re1 Nxd3 12. Qxd3 Be6 13. Ne5 Qc8 14. g4 c5 15. Ne2 Nd7 16. c3 Nxe5 17. Bxe5 f6 18. Bg3 Bf7 19. Nf4 Re8 20. dxc5 Qxc5 21. Ne6 Bxe6 22. Rxe6 Bf8 23. Rae1 Rxe6 24. Rxe6 Rd8 25. Re1 Bd6 26. Bxd6 Qxd6 27. Qd4 b6 28. Rd1 Qc5 29. Qd3 Kf7 30. a3 a5 31. b4 axb4 32. axb4 Qc6 33. Qd4 Rd6 34. c4 Ke6 35. c5 bxc5 36. bxc5 Rd7 37. h4 Kf7 38. Kg2 Qe6 39. Rd3 Qe5 40. Qa4 Rc7 41. Re3 1-0

[Event "DSOL 01 Liga Gr-A 1st"]
[Site "Playchess.com INT"]
[Date "2020.06.26"]
[Round "1.1"]
[White "Baerwolf, Steven"]
[Black "Lauer, Moritz"]
[Result "1/2-1/2"]
[WhiteElo "2300"]
[BlackElo "2384"]
[PlyCount "82"]
[EventDate "2020.06.22"]
[EventType "team-tourn (rapid)"]
[EventCountry "GER"]
[SourceTitle "EXT 2021"]
[Source "ChessBase"]
[SourceDate "2020.10.23"]
[SourceVersion "1"]
[SourceVersionDate "2020.10.23"]
[SourceQuality "1"]
[WhiteTeam "Horst Emscher"]
[BlackTeam "Herzogenaurach"]
[WhiteTeamCountry "GER"]
[BlackTeamCountry "GER"]

1. e4 e5 2. Nf3 Nc6 3. Bc4 Nf6 4. d3 h6 5. 0-0 d6 6. a4 g5 7. c3 g4 8. Nfd2 h5 9. b4 h4 10. d4 Bh6 11. Nb3 Bxc1 12. Qxc1 Nxe4 13. Bd5 Nf6 14. Bxc6+ bxc6 15. dxe5 dxe5 16. Qe3 Rh5 17. N1d2 Qe7 18. Rfe1 Nd5 19. Qe4 Kf8 20. Nc4 f6 21. Ne3 Rb8 22. Nxd5 cxd5 23. Qxd5 Be6 24. Qd1 Rd8 25. Qc2 g3 26. Nc5 Bf5 27. Qe2 Qh7 28. Rad1 Rd6 29. Qb5 gxf2+ 30. Kxf2 Qe7 31. Qb8+ Kf7 32. Qxa7 Bc2 33. Rxd6 Qxd6 34. Qa6 Qd2+ 35. Qe2 Rf5+ 36. Kg1 Qxc3 37. Rc1 Qd4+ 38. Kh1 Rf2 39. Qh5+ Bg6 40. Qd1 Rb2 41. h3 Rxb4 1/2-1/2

[Event "Oberliga Bayern 1718"]
[Site "Bayern"]
[Date "2018.04.15"]
[Round "9.1"]
[White "Lauer, Moritz"]
[Black "Speelman, Jonathan S"]
[Result "1/2-1/2"]
[WhiteElo "2399"]
[BlackElo "2509"]
[PlyCount "25"]
[EventDate "2017.10.22"]
[EventType "team-tourn"]
[EventRounds "9"]
[EventCountry "GER"]
[SourceTitle "EXT 2020"]
[Source "ChessBase"]
[SourceDate "2019.10.17"]
[SourceVersion "1"]
[SourceVersionDate "2019.10.17"]
[SourceQuality "1"]
[WhiteTeam "Herzogenaurach"]
[BlackTeam "Muenchen 36"]
[WhiteTeamCountry "GER"]
[BlackTeamCountry "GER"]

1. e4 e6 2. d4 d5 3. Nc3 Nf6 4. e5 Nfd7 5. f4 c5 6. Nf3 Nc6 7. Be3 a6 8. dxc5 Bxc5 9. Qd2 0-0 10. Nd4 Nxd4 11. Bxd4 b5 12. Bxc5 Nxc5 13. Qd4 1/2-1/2

[Event "Oberliga Bayern 1718"]
[Site "Bayern"]
[Date "2018.03.18"]
[Round "8.1"]
[White "Kosic, Dragan"]
[Black "Lauer, Moritz"]
[Result "1/2-1/2"]
[WhiteElo "2493"]
[BlackElo "2399"]
[PlyCount "83"]
[EventDate "2017.10.22"]
[EventType "team-tourn"]
[EventRounds "9"]
[EventCountry "GER"]
[SourceTitle "EXT 2020"]
[Source "ChessBase"]
[SourceDate "2019.10.17"]
[SourceVersion "1"]
[SourceVersionDate "2019.10.17"]
[SourceQuality "1"]
[WhiteTeam "Muenchen Suedost"]
[BlackTeam "Herzogenaurach"]
[WhiteTeamCountry "GER"]
[BlackTeamCountry "GER"]

1. d4 Nf6 2. Nf3 e6 3. Bf4 c5 4. e3 Nc6 5. Nbd2 d5 6. c3 Bd6 7. Bg3 0-0 8. Bd3 b6 9. Ne5 Bb7 10. Qb1 Qc7 11. f4 Ne7 12. Bh4 Ng6 13. Bxf6 gxf6 14. Ng4 Kg7 15. 0-0 f5 16. Nf2 cxd4 17. cxd4 a5 18. Rc1 Qd7 19. Qc2 a4 20. a3 Rfc8 21. Qd1 Ba6 22. Bxa6 Rxa6 23. Rxc8 Qxc8 24. Rc1 Qd7 25. Nd3 Ne7 26. Nf3 f6 27. h3 Ra8 28. Kf2 Rc8 29. Rxc8 Nxc8 30. g4 fxg4 31. hxg4 Ne7 32. g5 fxg5 33. Nxg5 h6 34. Nf3 Qe8 35. Nde5 Nf5 36. Qc2 Qb5 37. Qc3 Be7 38. Nd2 Bh4+ 39. Kf3 Be7 40. Qc1 Qe8 41. Ke2 Bd6 42. Qg1+ 1/2-1/2

[Event "Oberliga Bayern 1617"]
[Site "Bayern"]
[Date "2016.10.16"]
[Round "1.1"]
[White "Lauer, Moritz"]
[Black "Jones, Gawain C B"]
[Result "0-1"]
[WhiteElo "2376"]
[BlackElo "2633"]
[PlyCount "68"]
[EventDate "2016.10.16"]
[EventType "team-tourn"]
[EventRounds "9"]
[EventCountry "GER"]
[SourceTitle "EXT 2019"]
[Source "ChessBase"]
[SourceDate "2018.10.10"]
[SourceVersion "1"]
[SourceVersionDate "2018.10.10"]
[SourceQuality "1"]
[WhiteTeam "Herzogenaurach"]
[BlackTeam "Muenchen 36"]
[WhiteTeamCountry "GER"]
[BlackTeamCountry "GER"]

1. e4 c5 2. c3 d5 3. exd5 Qxd5 4. d4 Nc6 5. dxc5 Qxd1+ 6. Kxd1 Bf5 7. Nf3 e6 8. b4 a5 9. Bb5 axb4 10. Bxc6+ bxc6 11. cxb4 Ne7 12. Nc3 g5 13. Bb2 Bg7 14. Ke2 Ng6 15. Nd1 Nf4+ 16. Kf1 Bd3+ 17. Ke1 Nxg2+ 18. Kd2 Bxb2 19. Nxb2 Be4 20. Nxg5 Bd5 21. a4 Rg8 22. Nh3 Rg4 23. f4 0-0-0 24. Rhg1 Rh4 25. Ra3 Bf3+ 26. Kc1 Rxh3 27. Rf1 Bg4 28. Rxh3 Bxh3 29. Nc4 Ne3 30. Nb6+ Kc7 31. Rf3 Rd1+ 32. Kb2 Rd3 33. Kc1 Bf5 34. Rg3 Bg6 0-1

[Event "Oberliga Bayern 1415"]
[Site "Germany"]
[Date "2015.03.15"]
[Round "8.1"]
[White "Lauer, Moritz"]
[Black "Singer, Christoph"]
[Result "1/2-1/2"]
[WhiteElo "2355"]
[BlackElo "2362"]
[PlyCount "90"]
[EventDate "2014.10.19"]
[EventType "team-tourn"]
[EventRounds "9"]
[EventCountry "GER"]
[SourceTitle "EXT 2016"]
[Source "ChessBase"]
[SourceDate "2015.10.08"]
[SourceVersion "1"]
[SourceVersionDate "2015.10.08"]
[SourceQuality "1"]
[WhiteTeam "Puschendorf"]
[BlackTeam "Bayern Muenchen II"]
[WhiteTeamCountry "GER"]
[BlackTeamCountry "GER"]

1. e4 e5 2. Nf3 Nc6 3. Bb5 Nf6 4. d3 d6 5. c3 Bd7 6. Nbd2 g6 7. 0-0 Bg7 8. d4 0-0 9. dxe5 Nxe5 10. Bxd7 Nexd7 11. Qc2 Re8 12. Re1 Nc5 13. b4 Ne6 14. Nb3 Qd7 15. Nbd4 a5 16. Bd2 axb4 17. cxb4 Nxd4 18. Nxd4 c5 19. Nb3 Nxe4 20. Rxe4 Rxe4 21. Qxe4 Bxa1 22. Nxa1 Rxa2 23. Bc3 Qe6 24. Qd3 cxb4 25. Bd4 Qe1+ 26. Qf1 Qxf1+ 27. Kxf1 f5 28. Ke1 Kf7 29. Kd1 Ke6 30. Kc1 Kd5 31. Bb2 Ra8 32. Kc2 Re8 33. Kd3 Re1 34. Nc2 Rd1+ 35. Ke2 Rb1 36. Nxb4+ Kc4 37. Nd3 b5 38. Kd2 b4 39. Bf6 b3 40. h4 Rg1 41. g3 Rb1 42. Bg7 Kd5 43. Ke3 Kc4 44. Kd2 Kd5 45. Ke3 Kc4 1/2-1/2

[Event "AUT-chT 1415"]
[Site "Austria"]
[Date "2015.03.01"]
[Round "8.2"]
[White "Sebenik, Matej"]
[Black "Lauer, Moritz"]
[Result "1-0"]
[WhiteElo "2516"]
[BlackElo "2355"]
[PlyCount "109"]
[EventDate "2014.11.20"]
[EventType "team-tourn"]
[EventRounds "11"]
[EventCountry "AUT"]
[SourceTitle "EXT 2016"]
[Source "ChessBase"]
[SourceDate "2015.10.08"]
[SourceVersion "1"]
[SourceVersionDate "2015.10.08"]
[SourceQuality "1"]
[WhiteTeam "Raika Feffernitz"]
[BlackTeam "Salzburg"]
[WhiteTeamCountry "AUT"]
[BlackTeamCountry "AUT"]

1. Nf3 Nf6 2. d4 e6 3. g3 b5 4. Bg2 Bb7 5. Bg5 c5 6. c3 cxd4 7. Bxf6 Qxf6 8. cxd4 Bb4+ 9. Nc3 Bxc3+ 10. bxc3 a6 11. 0-0 0-0 12. a4 bxa4 13. Qb1 Ra7 14. Qb6 Nc6 15. Ne5 Qd8 16. Rfb1 Qxb6 17. Rxb6 Nxe5 18. Rxb7 Rxb7 19. Bxb7 Rb8 20. Bxa6 Nc6 21. Rxa4 d5 22. Bd3 g6 23. Ra6 Rc8 24. f3 Ne7 25. Ra3 Nf5 26. Kf2 Kg7 27. e4 Nd6 28. Ke3 Nc4+ 29. Bxc4 Rxc4 30. Kd3 Rc7 31. exd5 exd5 32. Ra6 Rb7 33. Ra5 Rd7 34. g4 Kf6 35. h4 h6 36. Ra6+ Ke7 37. h5 gxh5 38. gxh5 f6 39. f4 Rb7 40. f5 Rb1 41. Re6+ Kd7 42. Rxf6 Rf1 43. Kc2 Ke7 44. Re6+ Kd7 45. Rxh6 Rxf5 46. Rh8 Kc6 47. h6 Rh5 48. Kb3 Rh1 49. h7 Kb7 50. Kb4 Rh3 51. Kb5 Ka7 52. c4 dxc4 53. Kxc4 Rh5 54. d5 Kb7 55. d6 1-0

[Event "AUT-chT 1415"]
[Site "Austria"]
[Date "2015.02.28"]
[Round "7.6"]
[White "Lauer, Moritz"]
[Black "Prinzjakowitsch, Bernhard"]
[Result "1-0"]
[WhiteElo "2355"]
[BlackElo "2172"]
[PlyCount "91"]
[EventDate "2014.11.20"]
[EventType "team-tourn"]
[EventRounds "11"]
[EventCountry "AUT"]
[SourceTitle "EXT 2016"]
[Source "ChessBase"]
[SourceDate "2015.10.08"]
[SourceVersion "1"]
[SourceVersionDate "2015.10.08"]
[SourceQuality "1"]
[WhiteTeam "Salzburg"]
[BlackTeam "Pamhagen"]
[WhiteTeamCountry "AUT"]
[BlackTeamCountry "AUT"]

1. e4 e5 2. Nf3 Nc6 3. Bb5 a6 4. Bxc6 dxc6 5. 0-0 Bg4 6. h3 h5 7. d3 Bxf3 8. Qxf3 Qf6 9. Nd2 Bc5 10. Qxf6 Nxf6 11. Nc4 Nd7 12. Be3 f6 13. Bxc5 Nxc5 14. f4 exf4 15. Rxf4 0-0-0 16. Ne3 Ne6 17. Rf2 c5 18. Nf5 Rhe8 19. h4 g5 20. Ne3 Nf4 21. Kh2 Rd6 22. Raf1 Ree6 23. hxg5 fxg5 24. g3 Ng6 25. Rf5 Re5 26. Rxe5 Nxe5 27. Rf5 Nxd3 28. cxd3 Rxd3 29. Nf1 Rd1 30. Kg2 h4 31. Rf2 Re1 32. Nd2 b5 33. gxh4 gxh4 34. Kf3 Rh1 35. Kg4 Kd7 36. Kf5 h3 37. Nf3 c4 38. e5 Ke7 39. e6 Rd1 40. Ng5 b4 41. Nxh3 Rd5+ 42. Ke4 Ra5 43. Nf4 Rxa2 44. Ke5 c6 45. Ng6+ Ke8 46. Rf8# 1-0

[Event "Oberliga Bayern 1415"]
[Site "Germany"]
[Date "2015.02.01"]
[Round "6.1"]
[White "Lauer, Moritz"]
[Black "Wolfsteiner, Helmut"]
[Result "1-0"]
[WhiteElo "2355"]
[BlackElo "2377"]
[PlyCount "59"]
[EventDate "2014.10.19"]
[EventType "team-tourn"]
[EventRounds "9"]
[EventCountry "GER"]
[SourceTitle "EXT 2016"]
[Source "ChessBase"]
[SourceDate "2015.10.08"]
[SourceVersion "1"]
[SourceVersionDate "2015.10.08"]
[SourceQuality "1"]
[WhiteTeam "Puschendorf"]
[BlackTeam "Kriegshaber"]
[WhiteTeamCountry "GER"]
[BlackTeamCountry "GER"]

1. e4 c5 2. c3 Nf6 3. e5 Nd5 4. d4 cxd4 5. Nf3 Nc6 6. cxd4 e6 7. Bc4 d6 8. 0-0 Be7 9. Qe2 0-0 10. Nc3 Nxc3 11. bxc3 d5 12. Bd3 Na5 13. Qc2 g6 14. Bh6 Re8 15. Qd2 Qc7 16. Qf4 Bd7 17. Rac1 Rac8 18. h4 Ba4 19. h5 Bd8 20. Qg3 Kh8 21. Bg5 Bxg5 22. Nxg5 Qe7 23. f4 Rg8 24. Qh3 Bd7 25. Nxh7 Kxh7 26. hxg6+ Kg7 27. Qh7+ Kf8 28. Qh6+ Rg7 29. Qh8+ Rg8 30. g7+ 1-0

[Event "Oberliga Bayern 1415"]
[Site "Germany"]
[Date "2014.12.07"]
[Round "4.1"]
[White "Heika, Martin"]
[Black "Lauer, Moritz"]
[Result "1/2-1/2"]
[WhiteElo "2392"]
[BlackElo "2355"]
[PlyCount "64"]
[EventDate "2014.10.19"]
[EventType "team-tourn"]
[EventRounds "9"]
[EventCountry "GER"]
[SourceTitle "EXT 2016"]
[Source "ChessBase"]
[SourceDate "2015.10.08"]
[SourceVersion "1"]
[SourceVersionDate "2015.10.08"]
[SourceQuality "1"]
[WhiteTeam "Kareth Lappersdorf"]
[BlackTeam "Puschendorf"]
[WhiteTeamCountry "GER"]
[BlackTeamCountry "GER"]

1. e4 d5 2. exd5 Qxd5 3. Nc3 Qd6 4. d4 Nf6 5. Nf3 c6 6. Ne5 Nbd7 7. Bf4 Nd5 8. Nxd5 Qxd5 9. Nf3 Nb6 10. Bd3 Bg4 11. c3 e6 12. Be2 Bd6 13. Bxd6 Qxd6 14. Ne5 Bxe2 15. Qxe2 0-0 16. 0-0 Rad8 17. Rfd1 Nd7 18. Nc4 Qd5 19. Ne3 Qe4 20. Rd2 Nf6 21. Nc4 Rd5 22. Qxe4 Nxe4 23. Re2 Nf6 24. f3 Rfd8 25. Kf2 c5 26. Ne3 Rh5 27. dxc5 Rxc5 28. c4 a5 29. Ke1 Kf8 30. Rd1 Rxd1+ 31. Kxd1 Nd7 32. b3 Ne5 1/2-1/2

[Event "Oberliga Bayern 1314"]
[Site "Bayern"]
[Date "2013.12.15"]
[Round "4.1"]
[White "Juptner, Jan"]
[Black "Lauer, Moritz"]
[Result "1/2-1/2"]
[WhiteElo "2349"]
[BlackElo "2339"]
[PlyCount "61"]
[EventDate "2013.10.13"]
[EventType "team-tourn"]
[EventRounds "9"]
[EventCountry "GER"]
[SourceTitle "EXT 2015"]
[Source "ChessBase"]
[SourceDate "2014.11.20"]
[SourceVersion "1"]
[SourceVersionDate "2014.11.20"]
[SourceQuality "1"]
[WhiteTeam "Muenchen Tarrasch"]
[BlackTeam "Puschendorf"]
[WhiteTeamCountry "GER"]
[BlackTeamCountry "GER"]

1. d4 Nf6 2. c4 e6 3. Nc3 Bb4 4. Nf3 0-0 5. Bg5 h6 6. Bh4 d5 7. e3 c6 8. Bd3 b6 9. 0-0 Ba6 10. cxd5 Bxd3 11. Qxd3 Bxc3 12. Qxc3 exd5 13. Ne5 Qd6 14. Rac1 Rc8 15. b4 Ne4 16. Qc2 Qe6 17. f3 Nd6 18. e4 a5 19. a3 Ra7 20. Bg3 f5 21. exf5 Qxf5 22. Nxc6 Qxc2 23. Rxc2 Rxc6 24. Rxc6 Nxc6 25. Bxd6 Nxd4 26. bxa5 Rxa5 27. Rd1 Ne6 28. Kf2 d4 29. Rb1 Ra6 30. Rb5 Nc5 31. Bxc5 1/2-1/2

[Event "Oberliga Bayern 1213"]
[Site "Bayern"]
[Date "2013.04.14"]
[Round "9.1"]
[White "Zajogin, Alexander"]
[Black "Lauer, Moritz"]
[Result "1/2-1/2"]
[WhiteElo "2343"]
[BlackElo "2321"]
[PlyCount "139"]
[EventDate "2012.10.14"]
[EventType "team-tourn"]
[EventRounds "9"]
[EventCountry "GER"]
[SourceTitle "EXT 2015"]
[Source "ChessBase"]
[SourceDate "2014.11.20"]
[SourceVersion "1"]
[SourceVersionDate "2014.11.20"]
[SourceQuality "1"]
[WhiteTeam "Bayern Muenchen II"]
[BlackTeam "Puschendorf"]
[WhiteTeamCountry "GER"]
[BlackTeamCountry "GER"]

1. d4 Nf6 2. c4 e6 3. Nc3 Bb4 4. e3 0-0 5. Bd3 d5 6. a3 Bxc3+ 7. bxc3 dxc4 8. Bxc4 c5 9. Nf3 Qc7 10. Qc2 b6 11. 0-0 cxd4 12. Qe2 dxc3 13. e4 e5 14. Bg5 Be6 15. Bxe6 fxe6 16. Rac1 Nbd7 17. Bd2 c2 18. Ne1 Qc6 19. f3 Qc5+ 20. Be3 Qxa3 21. Nxc2 Qe7 22. Qb5 Nc5 23. Nb4 Qd7 24. Qc4 Rfc8 25. Rfd1 Qe8 26. Na6 Nxa6 27. Qxa6 Rxc1 28. Rxc1 Qd8 29. Qb7 Qb8 30. Qe7 Qe8 31. Qb7 Qb8 32. Qe7 Qe8 33. Qb7 Qd8 34. Rc7 Ne8 35. Rd7 Qc8 36. Qxc8 Rxc8 37. Rxa7 Rb8 38. Re7 Nd6 39. Rxe6 Nc4 40. Kf2 Ra8 41. Bg5 h6 42. Rc6 Na5 43. Rxb6 hxg5 44. Kg3 Nc4 45. Rc6 Ra4 46. Rc5 Kh7 47. h4 gxh4+ 48. Kxh4 Kg6 49. Rc6+ Kh7 50. Kg5 Ne3 51. Rc5 Ra6 52. Rxe5 Rg6+ 53. Kh5 Nxg2 54. Rg5 Nf4+ 55. Kg4 Ne6 56. Rxg6 Kxg6 57. f4 Nd4 58. Kh4 Kf6 59. Kg4 Ne2 60. Kf3 Nc3 61. Ke3 Ke6 62. Kd3 Nb5 63. Kc4 Nd6+ 64. Kd4 Ne8 65. Ke3 Nf6 66. Kf3 Kf7 67. e5 Nd5 68. f5 Nc7 69. Ke4 Ke7 70. f6+ 1/2-1/2

[Event "Oberliga Bayern 1213"]
[Site "Bayern"]
[Date "2013.03.17"]
[Round "8.1"]
[White "Lauer, Moritz"]
[Black "Nuber, Korbinian"]
[Result "0-1"]
[WhiteElo "2321"]
[BlackElo "2258"]
[PlyCount "74"]
[EventDate "2012.10.14"]
[EventType "team-tourn"]
[EventRounds "9"]
[EventCountry "GER"]
[SourceTitle "EXT 2015"]
[Source "ChessBase"]
[SourceDate "2014.11.20"]
[SourceVersion "1"]
[SourceVersionDate "2014.11.20"]
[SourceQuality "1"]
[WhiteTeam "Puschendorf"]
[BlackTeam "Dillingen"]
[WhiteTeamCountry "GER"]
[BlackTeamCountry "GER"]

1. e4 e6 2. d4 d5 3. e5 c5 4. c3 Nc6 5. Nf3 Qb6 6. a3 a5 7. Bd3 Bd7 8. 0-0 cxd4 9. cxd4 Nxd4 10. Nxd4 Qxd4 11. Nc3 Qb6 12. Qg4 f5 13. Qh5+ g6 14. Qh4 Be7 15. Bg5 Bxg5 16. Qxg5 Rc8 17. Rac1 Ne7 18. Rfe1 d4 19. Ne2 Rxc1 20. Rxc1 Qxb2 21. Qf6 Rf8 22. Qh4 Qxa3 23. Qxd4 Nc6 24. Qe3 Nb4 25. Rc8+ Kf7 26. Rxf8+ Kxf8 27. Qc5+ Ke8 28. Bb5 Qa1+ 29. Nc1 Bxb5 30. Qc8+ Ke7 31. Qc5+ Kd8 32. Qf8+ Be8 33. Qd6+ Bd7 34. Qf8+ Be8 35. Qd6+ Kc8 36. Qxe6+ Bd7 37. Qc4+ Kb8 0-1

[Event "Oberliga Bayern 1213"]
[Site "Bayern"]
[Date "2012.12.09"]
[Round "4.1"]
[White "Lauer, Moritz"]
[Black "Wolfsteiner, Helmut"]
[Result "1/2-1/2"]
[WhiteElo "2321"]
[BlackElo "2321"]
[PlyCount "76"]
[EventDate "2012.10.14"]
[EventType "team-tourn"]
[EventRounds "9"]
[EventCountry "GER"]
[SourceTitle "EXT 2015"]
[Source "ChessBase"]
[SourceDate "2014.11.20"]
[SourceVersion "1"]
[SourceVersionDate "2014.11.20"]
[SourceQuality "1"]
[WhiteTeam "Puschendorf"]
[BlackTeam "Kriegshaber"]
[WhiteTeamCountry "GER"]
[BlackTeamCountry "GER"]

1. e4 c5 2. c3 Nf6 3. e5 Nd5 4. d4 cxd4 5. cxd4 Nc6 6. Nf3 d6 7. Bc4 e6 8. 0-0 Be7 9. Qe2 0-0 10. Nc3 dxe5 11. dxe5 Nxc3 12. bxc3 Qc7 13. Qe4 Rd8 14. Re1 Bd7 15. Bg5 Be8 16. Bd3 g6 17. Bc2 Rd5 18. Bxe7 Nxe7 19. Qh4 h5 20. Qg5 Nc6 21. Re3 Qe7 22. Qf4 Rc8 23. Rae1 Na5 24. Ng5 Kg7 25. Ne4 Nc4 26. Nf6 Nxe3 27. Rxe3 Bc6 28. Nxd5 Bxd5 29. Bb3 Bc6 30. Rd3 Bb5 31. c4 Be8 32. h3 a5 33. Rd6 Bc6 34. c5 Be8 35. Qe3 Qc7 36. Qf3 Qe7 37. Qe3 Qh4 38. Rd4 Qe7 1/2-1/2

[Event "Oberliga Bayern 1213"]
[Site "Bayern"]
[Date "2012.11.25"]
[Round "3.1"]
[White "Lauer, Moritz"]
[Black "Schramm, Christian"]
[Result "1/2-1/2"]
[WhiteElo "2321"]
[BlackElo "2354"]
[PlyCount "34"]
[EventDate "2012.10.14"]
[EventType "team-tourn"]
[EventRounds "9"]
[EventCountry "GER"]
[SourceTitle "EXT 2015"]
[Source "ChessBase"]
[SourceDate "2014.11.20"]
[SourceVersion "1"]
[SourceVersionDate "2014.11.20"]
[SourceQuality "1"]
[WhiteTeam "Puschendorf"]
[BlackTeam "Obernau"]
[WhiteTeamCountry "GER"]
[BlackTeamCountry "GER"]

1. e4 d6 2. d4 Nf6 3. Nc3 e5 4. Nf3 Nbd7 5. Bc4 Be7 6. 0-0 0-0 7. a4 c6 8. Re1 b6 9. d5 cxd5 10. Nxd5 Nxd5 11. Bxd5 Rb8 12. Qd3 Nf6 13. Bb3 h6 14. a5 Bb7 15. Bd2 Kh7 16. axb6 axb6 17. Ra7 Qc7 1/2-1/2

[Event "Oberliga Bayern 1213"]
[Site "Bayern"]
[Date "2012.10.14"]
[Round "1.1"]
[White "Lauer, Moritz"]
[Black "Suran, Jan"]
[Result "1-0"]
[WhiteElo "2321"]
[BlackElo "2331"]
[PlyCount "47"]
[EventDate "2012.10.14"]
[EventType "team-tourn"]
[EventRounds "9"]
[EventCountry "GER"]
[SourceTitle "EXT 2015"]
[Source "ChessBase"]
[SourceDate "2014.11.20"]
[SourceVersion "1"]
[SourceVersionDate "2014.11.20"]
[SourceQuality "1"]
[WhiteTeam "Puschendorf"]
[BlackTeam "Passau"]
[WhiteTeamCountry "GER"]
[BlackTeamCountry "GER"]

1. e4 c5 2. c3 d5 3. exd5 Qxd5 4. d4 g6 5. Na3 cxd4 6. Nb5 Na6 7. Be3 Bg7 8. Nf3 Nf6 9. Qxd4 0-0 10. Bc4 Qh5 11. Qe5 Qg4 12. Nbd4 Qxg2 13. Rg1 Qh3 14. Ng5 Ng4 15. Qxe7 Qxh2 16. Bxf7+ Kh8 17. 0-0-0 Qc7 18. Rh1 Nh6 19. Rxh6 Bxh6 20. Qf6+ Bg7 21. Rh1 Rxf7 22. Rxh7+ Kg8 23. Qxg6 Qe7 24. Rh8+ 1-0